00972nam a22002657a 4500999001500000001000500015003000900020005001700029008004100046020001500087040003300102082002000135100002900155245012100184250001200305260004300317300004800360504005100408650002600459650003200485650003000517700003000547942001200577952011700589 c5279d52794859BD-DhUAP20201206150040.0201206s1998 us a b 001 0 eng d a1555811361 aDNLM/DLCcDLCdBD-DhUAPbEng00223a660.65 GLI 1 aGlick, Bernard R.94026410aMolecular biotechnology :bprinciples and applications of recombinant DNA /cBernard R. Glick and Jack J. Pasternak. a2nd ed. aWashington, D.C. :bASM Press,cc1998. axxiii, 760 pages :billustrations ;c26 cm. aIncludes bibliographical references and index. 0aBiotechnology.940265 0aGenetic engineering.940266 0aMolecular biology.9402671 aPasternak, Jack J.940270 2ddccBK 00102ddc4070aUAPCLbUAPCLcGeneral Stacksd2020-12-06o660.65 GLIp3010004859r2020-12-06t1w2020-12-06yBK